000 00937nam a2200241 i 4500
001 16775
003 ES-MaACL
005 20230906151408.0
007 t|
008 001106s1988 sp ||||1| spa d
080 _a73.046.3(469)(064.3)
245 0 0 _aNacimientos portugueses
_b: exposición realizada por el Servicio de Bellas Artes de la Fundación Calouste Gulbenkian.
260 _aZamora :
_bCaja de Zamora,
_c[1988]
300 _a[24] p. :
_bil. col. y n. ;
_c30 cm.
500 _aSala de exposiciones, Centro Cultural Caja de Zamora, 22 diciembre 1988-6 enero, 1989.
650 1 4 _aBelenes-
_zPortugal-
_vExposiciones.
_910507
655 7 _2tgfbne
_9193628
_aCatálogos de exposiciones
710 2 _aFundaçao Calouste Gulbenkian.
_bServiço de Belas-Artes.
_94197
710 2 _aCaja de Ahorros Provincial de Zamora.
_92314
852 _aES-MaACL
_j2155-F-1
_bR.116200
942 _2udc
999 _c16775
_d16775